[Event "22nd ECCC Women 2017"]
[Site "Antalya"]
[Date "2017.10.12"]
[Round "5"]
[White "Mammadova, Gulnar"]
[Black "Voit, Daria"]
[Result "0-1"]
[WhiteElo "2385"]
[BlackElo "2387"]
[Annotator "NA"]
[PlyCount "108"]
[EventType "team-tourn"]
[EventCountry "TUR"]
[SourceTitle "playchess.com"]
[Source "ChessBase"]
[SourceQuality "1"]
[WhiteTeam "Odlar Yurdu"]
[BlackTeam "Legacy Square Capital"]
[TimeControl "40/5400+30:1800+30"]

1. e4 {[%emt 0:01:30]} c5 {[%emt 0:01:00]} 2. Nf3 {[%emt 0:00:30]} e6 {[%emt 0:00:30]} 3. b3 {[%emt 0:00:30]} d6 {[%emt 0:00:00]} 4. Bb2 {[%emt 0:01:30]} Nf6 {[%emt 0:00:00]} 5. d3 {[%emt 0:04:30]} Nc6 {[%emt 0:00:30]} 6. g3 {[%emt 0:00:30] B50: Sizilianisch (Verschiedenes mit 2...d6)} (6. Nbd2 Be7 7. g3 O-O 8. Bg2 e5 9. O-O b5 10. a3 a5 11. c3 Qb6 12. d4 cxd4 13. cxd4 exd4 {0-1 (37) Bacrot,E (2695)-Rublevsky,S (2676) Moscow 2007}) 6... g6 {[%emt 0:03:30]} 7. Bg2 {[%emt 0:01:30]} Bg7 {[%emt 0:00:30]} 8. O-O {[%emt 0:00:00]} O-O {[%emt 0:00:00]} 9. Nbd2 {[%emt 0:05:00]} e5 {[%emt 0:06:00]} 10. Nc4 {[%emt 0:02:30]} h6 {[%emt 0:03:30]} 11. a4 {[%emt 0:04:30]} Be6 {[%emt 0:00:30]} 12. Nfd2 {[%emt 0:04:30]} Qd7 {[%emt 0:21:30]} 13. f4 {[%emt 0:14:30]} exf4 $15 {[%emt 0:00:30] stays ahead.} (13... d5 $2 {[%emt 0:01:30]}) 14. gxf4 {[%emt 0:00:30]} (14. Rxf4 Ng4 $11) 14... d5 $146 {[%emt 0:01:30]} (14... Nd4) 15. Ne5 {[%emt 0:07:30]} Nxe5 {[%emt 0:00:30]} 16. fxe5 {[%emt 0:00:30]} Nh5 {[%emt 0:03:30]} 17. exd5 {[%emt 0:02:30]} Bxd5 {[%emt 0:00:30]} 18. Bxd5 {[%emt 0:01:30]} Qxd5 {[%emt 0:00:30]} 19. Qf3 {[%emt 0:00:00]} Rad8 {[%emt 0:14:30]} 20. Rae1 {[%emt 0:04:00]} Rfe8 {[%emt 0:05:30]} 21. Qxd5 {[%emt 0:05:30]} Rxd5 {[%emt 0:00:00]} 22. Nc4 {[%emt 0:00:30]} Re6 {[%emt 0:03:00]} 23. Ne3 {[%emt 0:06:30]} Rd7 {[%emt 0:01:30]} 24. Ng4 {[%emt 0:00:30]} g5 {[%emt 0:03:30]} 25. Bc1 {[%emt 0:06:30]} Rde7 {[%emt 0:07:30]} 26. Rf5 {[%emt 0:04:30]} (26. Re3 $11) 26... Kh7 {[%emt 0:01:30]} 27. Rf3 {[%emt 0:02:58]} Kg6 {[%emt 0:02:31]} 28. Rfe3 {[%emt 0:02:57]} Kf5 {[%emt 0:08:51]} 29. Re4 {[%emt 0:06:25]} Bxe5 {[%emt 0:00:28]} 30. Ne3+ {[%emt 0:00:27]} Kg6 {[%emt 0:00:04]} 31. Nd5 {[%emt 0:00:52]} Re8 {[%emt 0:00:28]} 32. Kg2 {[%emt 0:01:21]} Nf6 {[%emt 0:02:52]} 33. Nxf6 {[%emt 0:00:28]} Kxf6 {[%emt 0:00:11]} 34. Ba3 {[%emt 0:01:38]} Bd4 {[%emt 0:02:17]} 35. Kf3 {[%emt 0:02:58]} Rxe4 {[%emt 0:01:47]} 36. dxe4 {[%emt 0:00:19]} b6 {[%emt 0:01:02]} 37. Rd1 {[%emt 0:00:24]} Ke6 {[%emt 0:05:57]} 38. b4 {[%emt 0:01:39]} cxb4 {[%emt 0:00:55]} 39. Bxb4 {[%emt 0:00:30]} Be5 {[%emt 0:00:00]} 40. a5 {[%emt 0:00:00]} bxa5 {[%emt 0:31:21]} 41. Bxa5 {[%emt 0:01:34]} Rc8 {[%emt 0:00:00]} 42. c3 {[%emt 0:02:30]} h5 {[%emt 0:00:00]} 43. h3 {[%emt 0:00:30]} Rc5 {[%emt 0:00:00]} 44. Bb4 {[%emt 0:00:30]} Rb5 {[%emt 0:00:00]} 45. Rd8 {[%emt 0:04:30]} a5 {[%emt 0:00:00]} 46. Bf8 {[%emt 0:12:01]} f6 {[%emt 0:00:00]} 47. c4 {[%emt 0:02:26]} Rb8 {[%emt 0:00:00]} 48. Rxb8 {[%emt 0:01:31]} Bxb8 {[%emt 0:00:00]} 49. Ba3 {[%emt 0:00:00]} Kd7 {[%emt 0:00:00]} 50. Ke3 {[%emt 0:02:16]} Bd6 {[%emt 0:00:00]} 51. Bb2 {[%emt 0:01:33]} Ke6 {[%emt 0:00:00]} 52. Kd3 {[%emt 0:01:37]} a4 {[%emt 0:00:00]} 53. Kc2 {[%emt 0:00:43]} a3 {[%emt 0:01:42]} 54. Bc1 {[%emt 0:00:38]} Ke5 {[%emt 0:00:06]} 0-1

[Event "22nd ECCC Women 2017"]
[Site "Antalya"]
[Date "2017.10.12"]
[Round "5"]
[White "Badelka, Olga"]
[Black "Harika, Dronavalli"]
[Result "1/2-1/2"]
[WhiteElo "2353"]
[BlackElo "2528"]
[Annotator "TA"]
[PlyCount "61"]
[EventType "team-tourn"]
[EventCountry "TUR"]
[SourceTitle "playchess.com"]
[Source "ChessBase"]
[SourceQuality "1"]
[WhiteTeam "Bossa Nova"]
[BlackTeam "Batumi"]

{[%evp 13,61,20,24,19,21,14,27,11,12,0,0,4,8,6,15,0,0,-23,-6,-25,3,0,1,0,13,-14,20,7,4,0,0,0,5,0,0,0,0,0,0,0,0,0,0,0,0,0,0,0,0,0]} 1. c4 e6 2. d4 d5 3. Nc3 Bb4 4. cxd5 exd5 5. Bf4 c6 6. e3 {D31: Damengambit (Halbslawisch)} Ne7 7. Bd3 Bf5 {LiveBook: 11 Partien} 8. Nf3 {Weiß hat minimalen Vorteil.} Bxd3 $146 ({Vorgänger:} 8... O-O 9. O-O Bxd3 10. Qxd3 Ng6 11. Bg3 Nd7 12. a3 Be7 13. Rfd1 {1-0 (75) Nabaty,T (2585)-Alekseev,E (2677) Jerusalem 2015}) 9. Qxd3 a5 10. O-O O-O 11. Rac1 (11. Rfe1 {seems wilder.} Ng6 12. Bg3 Nd7 13. a3 Be7 14. e4) 11... Ng6 12. Bg3 Re8 13. a3 Bf8 14. Na4 Nd7 15. Nc5 Bxc5 16. dxc5 Nde5 17. Nxe5 {Die Stellung ist ausgeglichen.} Nxe5 18. Qb3 Qc8 19. Rfd1 f5 20. Bxe5 Rxe5 21. Rd4 Qc7 22. Qc3 Re4 23. Rxe4 fxe4 $11 {[%mdl 4096] Endspiel KDT-KDT} 24. b4 h6 25. h3 axb4 26. axb4 Rf8 27. Ra1 Qf7 28. Qb2 Qf5 29. b5 Kh7 30. Ra7 {[#] Und weiter mit bxc6 wäre nett.} Rf7 31. bxc6 {Precision: Weiß = 58%, Schwarz = 65%.} 1/2-1/2

[Event "22nd ECCC Women 2017"]
[Site "Antalya"]
[Date "2017.10.13"]
[Round "5"]
[White "Savina, Anastasia"]
[Black "Balajayeva, Khanim"]
[Result "0-1"]
[WhiteElo "2350"]
[BlackElo "2319"]
[Annotator "ChessBase"]
[PlyCount "94"]
[EventType "team-tourn"]
[EventCountry "TUR"]
[SourceTitle "playchess.com"]
[Source "ChessBase"]
[SourceQuality "1"]
[WhiteTeam "Legacy Square Capital"]
[BlackTeam "Odlar Yurdu"]
[TimeControl "40/5400+30:1800+30"]

1. d4 {[%emt 0:00:30]} d5 {[%emt 0:02:00]} 2. c4 {[%emt 0:00:30]} dxc4 {[%emt 0:00:30]} 3. e3 {[%emt 0:00:00]} Nf6 {[%emt 0:00:30]} 4. Bxc4 {[%emt 0:00:00]} e6 {[%emt 0:00:30]} 5. Nf3 {[%emt 0:00:30]} c5 {[%emt 0:00:30]} 6. O-O {[%emt 0:00:00]} a6 {[%emt 0:00:00]} 7. b3 {[%emt 0:01:00]} b5 {[%emt 0:04:00]} 8. Be2 {[%emt 0:00:00]} Bb7 {[%emt 0:00:30]} 9. Bb2 {[%emt 0:01:00]} Nbd7 {[%emt 0:00:30]} 10. a4 {[%emt 0:00:30]} b4 {[%emt 0:02:30]} 11. Nbd2 {[%emt 0:00:30]} Be7 {[%emt 0:03:30]} 12. Rc1 {[%emt 0:01:30]} Rc8 {[%emt 0:04:30]} 13. Nc4 {[%emt 0:04:30]} O-O {[%emt 0:08:30]} 14. h3 {[%emt 0:09:30]} Nd5 {[%emt 0:11:30]} 15. Nfe5 {[%emt 0:12:30]} cxd4 {[%emt 0:04:30]} 16. Nxd7 {[%emt 0:02:30]} Qxd7 {[%emt 0:00:00]} 17. Bxd4 {[%emt 0:01:30]} Ba8 {[%emt 0:21:00]} 18. Bd3 {[%emt 0:21:30]} Bf6 {[%emt 0:05:30]} 19. Qh5 {[%emt 0:21:30]} g6 {[%emt 0:07:30]} 20. Qg4 {[%emt 0:02:12]} Bxd4 {[%emt 0:08:49]} 21. Qxd4 {[%emt 0:00:06]} Qc7 {[%emt 0:00:43]} 22. e4 {[%emt 0:11:37]} Nf4 {[%emt 0:01:57]} 23. Ne5 {[%emt 0:05:16]} Qe7 {[%emt 0:09:22]} 24. Rxc8 {[%emt 0:02:40]} Rxc8 {[%emt 0:00:04]} 25. Bxa6 {[%emt 0:00:34]} Rd8 {[%emt 0:02:24]} 26. Qe3 {[%emt 0:00:43]} Qg5 {[%emt 0:00:14]} 27. g3 {[%emt 0:00:42]} Nxh3+ {[%emt 0:00:30]} 28. Kg2 {[%emt 0:00:00]} Qxe5 {[%emt 0:00:29]} 29. Kxh3 {[%emt 0:00:27]} Bxe4 {[%emt 0:00:10]} 30. Qf4 {[%emt 0:00:41]} Qh5+ {[%emt 0:01:27]} 31. Qh4 {[%emt 0:00:30]} Qf5+ {[%emt 0:00:10]} 32. Kh2 {[%emt 0:00:16]} Rd5 {[%emt 0:00:34]} 33. Be2 {[%emt 0:00:38]} Bd3 {[%emt 0:01:35]} 34. Bg4 {[%emt 0:00:35]} Qe4 {[%emt 0:00:21]} 35. Rc1 {[%emt 0:00:28]} Qd4 {[%emt 0:00:29]} 36. Kg1 {[%emt 0:00:31]} Kg7 {[%emt 0:00:25]} 37. Bf3 {[%emt 0:00:38]} Qb2 {[%emt 0:00:18]} 38. Rc7 {[%emt 0:00:15]} Rf5 {[%emt 0:00:41]} 39. Kg2 {[%emt 0:00:37]} Bf1+ {[%emt 0:00:18]} 40. Kxf1 {[%emt 0:00:30]} Rxf3 {[%emt 0:00:30]} 41. g4 {[%emt 0:07:04]} Qb1+ {[%emt 0:06:30]} 42. Kg2 {[%emt 0:00:30]} Qe4 {[%emt 0:01:30]} 43. Rc4 {[%emt 0:08:05]} Qd5 {[%emt 0:00:30]} 44. Kh2 {[%emt 0:05:02]} h6 {[%emt 0:00:00]} 45. g5 {[%emt 0:03:56]} hxg5 {[%emt 0:00:00]} 46. Qd4+ {[%emt 0:00:12]} Qxd4 {[%emt 0:01:30]} 47. Rxd4 {[%emt 0:00:30]} Rxb3 {[%emt 0:00:00]} 0-1

[Event "22nd ECCC Women 2017"]
[Site "Antalya"]
[Date "2017.10.12"]
[Round "5"]
[White "Mamedjarova, Zeinab"]
[Black "Kashlinskaya, Alina"]
[Result "1-0"]
[WhiteElo "2298"]
[BlackElo "2455"]
[Annotator "TA"]
[PlyCount "79"]
[EventType "team-tourn"]
[EventCountry "TUR"]
[SourceTitle "playchess.com"]
[Source "ChessBase"]
[SourceQuality "1"]
[WhiteTeam "Odlar Yurdu"]
[BlackTeam "Legacy Square Capital"]

{[%evp 13,79,-23,0,-29,-26,-28,-17,-64,-67,-53,-71,-52,-45,-45,-34,-37,-45,-52,-27,-22,0,0,0,0,15,9,8,18,10,-16,-20,-25,-23,-16,89,93,89,96,96,38,308,285,334,318,485,402,467,430,425,260,347,268,5122,5110,5065,0,0,0,4133,4133,2159,2106,2003,1887,4674,1128,29997,29998]} 1. d4 Nf6 2. Bg5 d5 3. e3 c5 4. Nf3 Ne4 5. Bf4 Qb6 6. Qc1 Nc6 7. c3 Bf5 8. Be2 {D03: 1 d4 d5 2 Nf3 Nf6 3 Bg5, including Torre Attack with early ...d5} (8. Nbd2 Rc8 9. Be2 e6 10. O-O Be7 11. Nxe4 Bxe4 12. Qd2 O-O 13. b3 cxd4 14. exd4 Qa5 15. a4 Qd8 16. b4 a5 {1-0 (72) Stefanova,A (2505)-Kovalenko,I (2668) Almaty 2016}) 8... h6 9. h3 e6 10. Ne5 $146 {The position is equal.} ({Predecessor:} 10. O-O Be7 11. Ne5 cxd4 12. exd4 Nxe5 13. Bxe5 O-O 14. Bf4 e5 15. Be3 exd4 16. Bxd4 {0-1 (44) Poluektov,Y (2390)-Matjushin,G (2500) Alushta 2009}) 10... cxd4 11. exd4 Bd6 {[#] Hoping for ...Nxe5.} 12. O-O Nxe5 13. Bxe5 Bxe5 14. dxe5 O-O 15. Nd2 Ng3 16. Re1 f6 17. Bf3 fxe5 18. Rxe5 {[#]} Be4 $1 {[%mdl 512]} 19. Qe1 {[%cal Rf3e4]} (19. Nxe4 dxe4) 19... Bxf3 20. Nxf3 Ne4 21. Nd4 Qxb2 {[%cal Rf8f2]} 22. Rb1 Qxa2 23. f3 Nxc3 (23... Nc5 $1 $11 {keeps the balance.}) 24. Rc1 $16 {[%cal Bb1c1,Bc1c3,Bc3d3][%mdl 32]} Rac8 {Strongly threatening ...Qb2.} 25. Rxc3 Qb2 26. Ne2 (26. Ree3 $16) 26... d4 $2 {[%mdl 8192]} ({Better is} 26... Rxc3 $14 27. Qxc3 Qxc3 28. Nxc3 Kf7) 27. Rd3 $18 Rc2 {and the idea ...a5 leaves Black hopeful.} 28. Rxe6 Rf7 (28... a5 $142 29. Re4 a4 30. Rdxd4 Qb6) 29. Kh1 Kh7 30. Re4 Rd7 31. f4 a5 32. Qxa5 {White threatens Qf5+ and mate.} Rxe2 $2 (32... Qb1+ 33. Kh2 b5) 33. Qf5+ Kh8 34. Qf8+ Kh7 35. Qf5+ $40 {[%mdl 128] Black needs to defend precisely.} Kh8 36. Qxd7 Qc1+ 37. Kh2 {White wants to mate with Rg3.} Rxe4 38. Rg3 {[%csl Gg3][%cal Rd7g7]} g6 39. Qf7 (39. f5 $142 Qc6 40. Qf7 (40. Qd8+ Qe8 $18)) 39... Re1 40. Qf6+ {Precision: White = 57%, Black = 33%.} 1-0

[Event "22nd ECCC Women 2017"]
[Site "Antalya"]
[Date "2017.10.13"]
[Round "5"]
[White "Sandu, Mihaela"]
[Black "Haussernot, Cecile"]
[Result "1-0"]
[WhiteElo "2278"]
[BlackElo "2169"]
[Annotator "ChessBase"]
[PlyCount "75"]
[EventType "team-tourn"]
[EventCountry "TUR"]
[SourceTitle "playchess.com"]
[Source "ChessBase"]
[SourceQuality "1"]
[WhiteTeam "Timisoara"]
[BlackTeam "Mulhouse Philidor"]
[TimeControl "40/5400+30:1800+30"]

1. e4 c5 2. Nf3 {[%emt 0:01:00]} d6 {[%emt 0:02:30]} 3. d4 {[%emt 0:00:30]} cxd4 {[%emt 0:00:00]} 4. Nxd4 {[%emt 0:00:00]} Nf6 {[%emt 0:00:00]} 5. Nc3 {[%emt 0:00:00]} a6 {[%emt 0:00:00]} 6. Be2 {[%emt 0:00:00]} e5 {[%emt 0:00:00]} 7. Nb3 {[%emt 0:01:00]} Be6 {[%emt 0:00:30]} 8. O-O {[%emt 0:00:30]} Be7 {[%emt 0:00:00]} 9. Be3 {[%emt 0:00:00]} O-O {[%emt 0:00:00]} 10. Qd2 {[%emt 0:00:00]} Nbd7 {[%emt 0:00:30]} 11. a4 {[%emt 0:00:30]} Rc8 {[%emt 0:00:00]} 12. f3 {[%emt 0:02:30]} Nb6 {[%emt 0:00:00]} 13. a5 {[%emt 0:00:30]} Nc4 {[%emt 0:00:30]} 14. Bxc4 {[%emt 0:00:30]} Rxc4 {[%emt 0:00:00]} 15. Rfd1 {[%emt 0:01:30]} Qc7 {[%emt 0:04:00]} 16. Kh1 {[%emt 0:21:30]} Qc6 {[%emt 0:07:30]} 17. Nc1 {[%emt 0:03:30]} Rc8 {[%emt 0:07:30]} 18. N1e2 {[%emt 0:02:30]} Ne8 {[%emt 0:17:30]} 19. Bb6 {[%emt 0:06:30]} h6 {[%emt 0:06:30]} 20. Be3 {[%emt 0:03:30]} Qd7 {[%emt 0:10:30]} 21. b3 {[%emt 0:06:30]} R4c6 {[%emt 0:00:30]} 22. Ra2 {[%emt 0:00:30]} f5 {[%emt 0:04:30]} 23. Nd5 {[%emt 0:01:30]} fxe4 {[%emt 0:03:30]} 24. fxe4 {[%emt 0:00:30]} Nf6 {[%emt 0:05:30]} 25. Nxf6+ {[%emt 0:00:30]} Bxf6 {[%emt 0:00:30]} 26. c4 {[%emt 0:00:30]} Qf7 {[%emt 0:02:30]} 27. Nc3 {[%emt 0:01:30]} Rf8 {[%emt 0:00:30]} 28. Rf1 {[%emt 0:02:30]} Qg6 {[%emt 0:06:30]} 29. Raa1 {[%emt 0:00:30]} Rd8 {[%emt 0:10:27]} 30. Nd5 {[%emt 0:11:30]} Bxd5 {[%emt 0:01:05]} 31. Qxd5+ {[%emt 0:00:30]} Kh7 {[%emt 0:00:23]} 32. Rf3 {[%emt 0:03:30]} Bg5 {[%emt 0:09:48]} 33. Rg3 Bxe3 {[%emt 0:02:18]} 34. Rxg6 {[%emt 0:05:00]} Kxg6 {[%emt 0:00:05]} 35. Rf1 {[%emt 0:02:30]} Rc7 {[%emt 0:00:49]} 36. Qe6+ {[%emt 0:00:30]} Kh7 {[%emt 0:00:05]} 37. g3 {[%emt 0:00:30]} Bg5 {[%emt 0:01:38]} 38. Rf7 {[%emt 0:02:30]} 1-0

[Event "22nd ECCC Women 2017"]
[Site "Antalya"]
[Date "2017.10.13"]
[Round "5"]
[White "Stetsko, Lanita"]
[Black "Khotenashvili, Bela"]
[Result "1/2-1/2"]
[WhiteElo "2254"]
[BlackElo "2459"]
[Annotator "TA"]
[PlyCount "70"]
[EventType "team-tourn"]
[EventCountry "TUR"]
[SourceTitle "playchess.com"]
[Source "ChessBase"]
[SourceQuality "1"]
[WhiteTeam "Bossa Nova"]
[BlackTeam "Batumi"]

{[%evp 18,70,51,4,8,1,20,10,13,10,14,4,10,25,47,50,56,55,53,51,46,57,77,35,46,0,0,-11,9,0,43,49,54,39,46,46,52,54,102,102,114,30,51,30,34,14,14,14,14,14,14,14,14,14,14]} 1. e4 g6 2. d4 Bg7 3. Nc3 c6 4. Nf3 d6 5. Be3 Nf6 6. h3 O-O 7. Bd3 b5 8. Qd2 Nbd7 9. O-O Bb7 {B08: Pirc Defence: Classical System} (9... Qc7 10. Ne2 e5 11. dxe5 Nxe5 12. Nxe5 dxe5 13. a4 Be6 14. axb5 cxb5 15. Qa5 Rfc8 16. Qxc7 Rxc7 17. Nc3 Bc4 {½-½ (92) Saric,I (2666)-Van Wely,L (2667) Wijk aan Zee 2015}) 10. Bh6 {LiveBook: 4 Games} c5 (10... e5 {looks sharper.} 11. dxe5 Nxe5 12. Nxe5 dxe5 13. a4 b4) 11. Bxg7 Kxg7 12. Bxb5 $146 {White wants to play d5.} ({Predecessor:} 12. e5 dxe5 13. dxe5 Bxf3 14. exf6+ Nxf6 15. Qe3 c4 16. Qxf3 cxd3 17. Rfd1 {0-1 (37) Dovzik,J (2345)-Szieberth,A (2335) Budapest 1993}) 12... Nxe4 13. Nxe4 Bxe4 14. Bxd7 Qxd7 15. dxc5 {aiming for Qd4+.} Kg8 16. Ng5 Bb7 17. cxd6 h6 18. Nf3 Bxf3 $1 19. gxf3 exd6 20. Qxh6 Rab8 21. Qf4 Rxb2 22. c4 Rc8 23. Rad1 Rb6 24. Kg2 Qe6 25. Rd4 Rc5 26. Re4 Rf5 27. Qh4 Re5 {[#]} 28. Rfe1 $1 Rc6 {[#]} 29. Qd8+ ({Better is} 29. Rxe5 $1 $16 dxe5 30. Rd1) 29... Kg7 $11 30. Rxe5 (30. Qb8 {keeps more tension.} Rg5+ 31. Kh2 Qf6 32. Rh4 Rh5 33. Rxh5 Qf4+ 34. Kg2) 30... dxe5 31. Qd5 Qxd5 {The position is equal.} 32. cxd5 $14 {KR-KR} Ra6 33. Rxe5 Rxa2 34. d6 Rd2 35. Ra5 Rxd6 {Precision: White = 52%, Black = 53%.} 1/2-1/2

[Event "22nd ECCC Women 2017"]
[Site "Antalya"]
[Date "2017.10.12"]
[Round "5"]
[White "Isgandarova, Khayala"]
[Black "Can, Isil"]
[Result "1-0"]
[WhiteElo "2242"]
[BlackElo "1791"]
[Annotator "NA"]
[PlyCount "59"]
[EventType "team-tourn"]
[EventCountry "TUR"]
[SourceTitle "playchess.com"]
[Source "ChessBase"]
[SourceQuality "1"]
[WhiteTeam "Anatolia"]
[BlackTeam "Mediterranean"]
[TimeControl "40/5400+30:1800+30"]

1. Nf3 d5 2. g3 {[%emt 0:00:00]} Nf6 {[%emt 0:03:30]} 3. Bg2 {[%emt 0:00:30]} c5 {[%emt 0:02:30]} 4. d3 {[%emt 0:00:30]} Nc6 {[%emt 0:03:30]} 5. O-O {[%emt 0:00:00]} e5 {[%emt 0:02:30]} 6. e4 {[%emt 0:01:00]} d4 {[%emt 0:00:30]} 7. Nbd2 {[%emt 0:00:30] A08: King's Indian Attack} (7. a4 Be7 8. Na3 Bg4 9. h3 Bh5 10. Nc4 Nd7 11. Qe1 O-O 12. Nh2 b6 13. h4 f6 14. Bh3 Bf7 15. f4 {0-1 (55) Yuffa,D (2527)-Inarkiev,E (2694) Sochi 2017}) 7... Bg4 {[%emt 0:07:30]} 8. h3 {[%emt 0:00:30]} Bh5 {[%emt 0:00:30]} 9. g4 {[%emt 0:03:30]} Bg6 {[%emt 0:00:00]} 10. Nc4 {[%emt 0:00:00]} Nd7 {[%emt 0:02:00]} 11. a4 {[%emt 0:06:00]} Be7 {[%emt 0:09:30]} 12. Ne1 {[%emt 0:15:30]} Nb6 $146 {[%emt 0:05:30]} ({Predecessor:} 12... f6 13. f4 Bf8 14. f5 h5 15. Nf3 hxg4 16. hxg4 Qc7 {0-1 (16) Sergio Filho,C (1893)-Vitorazzi,V (1650) Cuiaba 2016}) 13. Nxb6 {[%emt 0:06:30]} Qxb6 {[%emt 0:00:00]} 14. f4 {[%emt 0:00:00]} f6 {[%emt 0:00:00]} 15. Nf3 {[%emt 0:00:00]} O-O-O {[%emt 0:03:30]} 16. Nh4 {[%emt 0:08:30]} Qc7 {[%emt 0:09:30]} 17. Nf5 {[%emt 0:06:30]} Bxf5 {[%emt 0:00:30]} 18. exf5 {[%emt 0:00:30]} Bd6 {[%emt 0:02:30]} 19. a5 {[%emt 0:04:30]} a6 {[%emt 0:00:30]} 20. Qf3 {[%emt 0:01:30]} Rde8 {[%emt 0:07:30]} 21. Bd2 {[%emt 0:09:30]} g6 {[%emt 0:06:30]} 22. fxg6 {[%emt 0:01:30]} hxg6 {[%emt 0:03:30]} 23. Rae1 {[%emt 0:02:30]} exf4 {[%emt 0:08:30]} (23... Kb8 $11) 24. Rxe8+ {[%emt 0:01:30]} Rxe8 {[%emt 0:00:00]} 25. Bxf4 $16 {[%emt 0:00:00]} Ne5 {[%emt 0:11:29]} 26. Qd5 {[%emt 0:09:00]} g5 {[%emt 0:02:02]} 27. Bg3 {[%emt 0:00:30]} Qe7 {[%emt 0:04:09]} 28. c3 {[%emt 0:06:49]} Kb8 {[%emt 0:03:41]} 29. Rxf6 {[%emt 0:00:51]} Rd8 {[%emt 0:01:47]} 30. Rxd6 {[%emt 0:00:41]} 1-0

[Event "22nd ECCC Women 2017"]
[Site "Antalya"]
[Date "2017.10.13"]
[Round "5"]
[White "Dragomirescu, Angela"]
[Black "Neuhauser, Salome"]
[Result "1-0"]
[WhiteElo "2231"]
[BlackElo "2140"]
[Annotator "ChessBase"]
[PlyCount "115"]
[EventType "team-tourn"]
[EventCountry "TUR"]
[SourceTitle "playchess.com"]
[Source "ChessBase"]
[SourceQuality "1"]
[WhiteTeam "Timisoara"]
[BlackTeam "Mulhouse Philidor"]
[TimeControl "40/5400+30:1800+30"]

1. d4 Nf6 2. c4 c5 3. d5 e6 4. Nc3 exd5 5. cxd5 {[%emt 0:00:30]} d6 {[%emt 0:02:00]} 6. Nf3 {[%emt 0:01:30]} g6 {[%emt 0:00:30]} 7. g3 {[%emt 0:00:00]} Bg7 {[%emt 0:00:30]} 8. Bg2 {[%emt 0:00:00]} O-O {[%emt 0:00:00]} 9. O-O {[%emt 0:00:30]} Re8 {[%emt 0:00:00]} 10. Re1 {[%emt 0:01:30]} a6 {[%emt 0:10:30]} 11. a4 {[%emt 0:05:30]} Nbd7 {[%emt 0:01:30]} 12. e4 {[%emt 0:07:30]} Qc7 {[%emt 0:09:30]} 13. h3 {[%emt 0:05:30]} Rb8 {[%emt 0:01:30]} 14. Bf1 {[%emt 0:03:30]} h6 {[%emt 0:30:30]} 15. Bf4 {[%emt 0:19:30]} Nh5 {[%emt 0:12:30]} 16. Be3 {[%emt 0:00:30]} Ne5 {[%emt 0:11:42]} 17. Nxe5 {[%emt 0:01:30]} Rxe5 {[%emt 0:00:02]} 18. g4 {[%emt 0:04:30]} Nf6 {[%emt 0:04:16]} 19. Bf4 {[%emt 0:00:30]} Qe7 {[%emt 0:06:27]} 20. Bxe5 {[%emt 0:11:30]} Qxe5 {[%emt 0:00:35]} 21. Qd2 {[%emt 0:00:30]} Bxg4 {[%emt 0:02:38]} 22. hxg4 {[%emt 0:06:30]} Nxg4 {[%emt 0:00:01]} 23. Bg2 {[%emt 0:00:00]} Qh2+ {[%emt 0:01:30]} 24. Kf1 {[%emt 0:00:00]} Bd4 {[%emt 0:00:52]} 25. Nd1 {[%emt 0:00:00]} Qh5 {[%emt 0:03:26]} 26. Ra3 {[%emt 0:00:00]} Re8 {[%emt 0:00:36]} 27. Rh3 {[%emt 0:15:37]} Nh2+ {[%emt 0:00:00]} 28. Rxh2 {[%emt 0:07:03]} Qxh2 {[%emt 0:00:28]} 29. Qd3 {[%emt 0:00:31]} Qf4 {[%emt 0:00:55]} 30. Qf3 {[%emt 0:02:39]} Qd2 {[%emt 0:01:17]} 31. Qe2 {[%emt 0:01:07]} Qg5 {[%emt 0:01:04]} 32. Ne3 {[%emt 0:01:40]} h5 {[%emt 0:00:05]} 33. Nc4 {[%emt 0:00:26]} Qf4 {[%emt 0:00:34]} 34. Qf3 {[%emt 0:00:36]} Qh2 {[%emt 0:00:56]} 35. Qg3 {[%emt 0:01:11]} Qxg3 {[%emt 0:00:52]} 36. fxg3 {[%emt 0:00:02]} b5 {[%emt 0:00:26]} 37. axb5 {[%emt 0:01:11]} axb5 {[%emt 0:00:00]} 38. Nxd6 {[%emt 0:00:00]} Rb8 {[%emt 0:00:30]} 39. e5 {[%emt 0:01:03]} Kf8 {[%emt 0:00:54]} 40. b3 {[%emt 0:00:00]} Ke7 {[%emt 0:01:24]} 41. Ne4 {[%emt 0:10:24]} Bxe5 {[%emt 0:00:30]} 42. Nxc5 {[%emt 0:02:30]} Kd6 {[%emt 0:07:30]} 43. Rxe5 {[%emt 0:00:30]} Kxc5 {[%emt 0:00:30]} 44. Re7 {[%emt 0:00:30]} Rf8 {[%emt 0:08:07]} 45. Rc7+ {[%emt 0:01:30]} Kd6 {[%emt 0:00:03]} 46. Rc6+ {[%emt 0:00:30]} Kd7 {[%emt 0:00:59]} 47. Rb6 {[%emt 0:00:30]} f5 {[%emt 0:00:16]} 48. Rxg6 {[%emt 0:00:30]} f4 {[%emt 0:00:07]} 49. Kf2 {[%emt 0:01:30]} fxg3+ {[%emt 0:02:02]} 50. Kxg3 {[%emt 0:00:00]} h4+ {[%emt 0:01:21]} 51. Kxh4 {[%emt 0:02:00]} Rf4+ {[%emt 0:00:04]} 52. Rg4 {[%emt 0:00:30]} Rf2 {[%emt 0:00:03]} 53. Kg3 {[%emt 0:01:30]} Rc2 {[%emt 0:00:08]} 54. Rb4 {[%emt 0:00:30]} Rc5 {[%emt 0:00:09]} 55. Kf4 {[%emt 0:03:01]} Kd6 {[%emt 0:00:01]} 56. Be4 {[%emt 0:00:00]} Ke7 {[%emt 0:01:44]} 57. Ke5 {[%emt 0:00:50]} Kd7 {[%emt 0:00:03]} 58. Bd3 {[%emt 0:00:06]} 1-0